000 00375nam a22001217a 4500
999 _c9466
_d9466
003 OSt
008 201203b ||||| |||| 00| 0 eng d
245 _aMan Made Textiles In India
250 _a2014( Feb Vol.42 No.2, Mar Vol.42 No.3, Apr Vol.42 No.4, May Vol.42 No.5, Jun Vol.42 No.6 )
260 _aMumbai
_bU.K. Gangopadhyay
650 _aTextile Engineering
942 _2ddc
_cBV